Open Data Biblioteca Nacional de Portugal


República Portuguesa: Ministério da Cultura
Biblioteca Nacional de Portugal

Catálogo da BNP: acesso por Identificadores Unívocos
Registos Bibliográficos associados ao registo de autoridade

Etiqueta de registo: 00000nam 2200025 450
001 2053103
003 http://id.bnportugal.gov.pt/bib/catbnp/2053103
100 ## $a20200818d2019 k y0pory01030103ba
101 0# $aeng$dpor
102 ## $aPT
105 ## $aa m 000yy
106 ## $ar
200 1# $aHotel revenue management$eusing data science to predict booking cancellations$fNuno Miguel da Conceição António$gorient. Ana de Almeida, Luís Nunes
210 #9 $aLisboa$c[s.n.],$d2019
215 ## $a[6], VI, 232 p.$cil.$d30 cm
328 #1 $aTese dout. Information Science and Technology, ISCTE-IUL Instituto Universitário de Lisboa, 2019
675 ## $a004.85(043)$vBN$zpor$31239009
675 ## $a004.94(043)$vBN$zpor$31227404
700 #1 $aAntónio,$bNuno Miguel da Conceição$31788449
702 #1 $97$aAlmeida,$bAna de$4727$31788450
702 #1 $97$aNunes,$bLuís$4727$31788451
801 #0 $aPT$bBN$gRPC
966 ## $lBN$mFGMON$sP. 56276 V.$x1

OpendataBNP@bnportugal.pt | Mais informação sobre acesso aos dados BNP